| 000 | 00346nam a22001217a 4500 | ||
|---|---|---|---|
| 020 | _a9789382983101 | ||
| 082 |
_a631.56 _bSWA/PO |
||
| 245 | _aPost Harvest Management of Horticultural Crops for Food and Nutritional Security | ||
| 260 |
_aDelhi _bMangalam Publications _c2013 |
||
| 300 | _a449 | ||
| 700 |
_aSwain,Subash Chandra _9847 |
||
| 942 | _cBK | ||
| 999 |
_c14495 _d14495 |
||